Essentials of investments (Record no. 3422)
[ view plain ]
| 000 -LEADER | |
|---|---|
| fixed length control field | 01636nam a2200205 4500 |
| 020 ## - INTERNATIONAL STANDARD BOOK NUMBER | |
| ISBN | 9780072855586 |
| 050 ## - CALL NUMBER | |
| Classification number | HG4521 |
| Item number | .B563 |
| 100 ## - AUTHOR | |
| Personal name | Zvi Bodie |
| 245 ## - TITLE | |
| Title | Essentials of investments |
| Statement of responsibility, etc | Zvi Bodie; Alex Kane; Alan J Marcus |
| 250 ## - EDITION | |
| Edition statement | 5th ed |
| 260 ## - PUBLICATION INFORMATION | |
| Place of publication | Boston : |
| Name of publisher | McGraw-Hill/Irwin, |
| Year of publication | ©2004. |
| 300 ## - DESCRIPTION | |
| Number of Pages | XXXI, 765, |
| Other physical details | ill; |
| Dimensions | 26 cm |
| Accompanying material | 14 S graph. Darst |
| 440 ## - SERIES | |
| SERIES | McGraw-Hill/Irwin series in finance, insurance, and real estate. |
| 500 ## - NOTES | |
| General note | Includes index |
| 505 ## - FORMATTED CONTENTS NOTE | |
| Table of Content | Part 1. Elements of Investments --<br/>1. Investments: Background and Issues --<br/>2. Asset Classes and Financial Instruments --<br/>3. How Securities are Traded --<br/>4. Mutual Funds and Other Investment Companies --<br/>Part 2. Portfolio Theory --<br/>5. Risk and Return: Past and Prologue --<br/>6. Efficient Diversification --<br/>7. Capital Asset Pricing and Arbitrage Pricing Theory --<br/>8. Market Efficiency 9- Behavioral Finance and Technical Analysis --<br/>Part 3. Debt Securities --<br/>10. Bond Prices and Yields --<br/>11. Managing Bond Portfolios --<br/>Part 4. Security Analysis --<br/>12. Macroeconomic and Industry Analysis --<br/>13. Equity Valuation --<br/>14. Financial Statement Analysis --<br/>Part 5. Derivative Markets --<br/>15. Options Markets --<br/>16. Option Valuation --<br/>17. Futures Markets and Risk Management --<br/>Part 6. Active Investment Management --<br/>18. Globalization and International Investing --<br/>19. Performance Evaluation and Active Portfolio Management --<br/>20. Taxes, Inflation, and Investment Strategy --<br/>21. Investors and the Investment Process. |
| 650 ## - SUBJECTS | |
| Topical Term | Investments. |
| 700 ## - OTHER AUTHORS | |
| Personal name | Alex Kane; |
| 710 ## - OTHER AUTHORS | |
| OTHER AUTHORS | Alan J Marcus |
| 942 ## - ADDED ENTRY ELEMENTS (KOHA) | |
| Koha item type | Books |
| Withdrawn status | Lost status | Home library | Current library | Shelving location | Date acquired | Full call number | Accession Number | Koha item type | Collection code |
|---|---|---|---|---|---|---|---|---|---|
| Methodist University Library Main | Methodist University Library Main | General Stacks | 24/09/2006 | HG4521 .B563 | 13619 | Books | |||
| Methodist University Library Main | Methodist University Library Main | General Stacks | 24/09/2006 | HG4521 .B563 | 13604 | Books | Reference |